[Event "Southend Easter op 61st"]
[Site "Southend"]
[Date "2017.04.14"]
[Round "1"]
[White "Dean, Michael J"]
[Black "Myall, Ivan J"]
[Result "0-1"]
[WhiteElo "1518"]
[BlackElo "2022"]
[PlyCount "94"]
[EventDate "2017.04.14"]
[EventType "swiss"]
[EventRounds "7"]
[EventCountry "ENG"]
[SourceTitle "EXT 2018"]
[Source "ChessBase"]
[SourceDate "2017.10.13"]
[SourceVersion "1"]
[SourceVersionDate "2017.10.13"]
[SourceQuality "1"]

1. e4 e5 2. Nf3 Nc6 3. Bb5 Bc5 4. 0-0 Nd4 5. Nxd4 Bxd4 6. c3 Bb6 7. d4 c6 8. Ba4 d6 9. dxe5 dxe5 10. Qf3 Nf6 11. Bg5 h6 12. Bxf6 Qxf6 13. Qxf6 gxf6 14. Nd2 Rg8 15. Kh1 Be6 16. Bb3 Rd8 17. Rad1 Ke7 18. f3 Rd3 19. Nc4 Rgd8 20. Rxd3 Rxd3 21. Nxb6 Bxb3 22. Nc8+ Kd8 23. axb3 Kxc8 24. Kg1 Kc7 25. f4 Kd6 26. fxe5+ Kxe5 27. Rf3 Kxe4 28. Rxf6 Rd1+ 29. Kf2 Rd2+ 30. Kg3 Rxb2 31. Rxf7 Rxb3 32. Rf3 a5 33. Kg4 b5 34. h4 a4 35. Rf6 Rxc3 36. Rxh6 a3 37. Re6+ Kd5 38. Re1 Rc2 39. g3 Rh2 40. h5 b4 41. Ra1 a2 42. Rf1 b3 43. Rf5+ Ke6 44. Ra5 Rh1 45. Kg5 a1Q 46. Rxa1 Rxa1 47. h6 Rh1 0-1

[Event "Hastings Masters op 91st"]
[Site "Hastings"]
[Date "2016.01.02"]
[Round "6"]
[White "Brooke, John1"]
[Black "Dean, Michael J"]
[Result "1-0"]
[WhiteElo "1770"]
[BlackElo "1562"]
[PlyCount "122"]
[EventDate "2015.12.28"]
[EventType "swiss"]
[EventRounds "9"]
[EventCountry "ENG"]
[SourceTitle "CBM 170 Extra"]
[Source "ChessBase"]
[SourceDate "2016.02.25"]
[SourceVersion "1"]
[SourceVersionDate "2016.02.25"]
[SourceQuality "1"]

1. d4 Nf6 2. c4 g6 3. Nc3 Bg7 4. e4 d6 5. Bg5 0-0 6. Qd2 Nbd7 7. f4 e5 8. dxe5 dxe5 9. 0-0-0 Qe8 10. Bd3 c6 11. f5 a6 12. Bh6 b5 13. Bxg7 Kxg7 14. Nh3 Qd8 15. Qf2 Qa5 16. Kb1 Bb7 17. fxg6 fxg6 18. Qg3 b4 19. Ne2 c5 20. Ng5 Qb6 21. Qh3 Rae8 22. Ng3 Bc8 23. Qh4 h6 24. Nf3 g5 25. Nf5+ Kf7 26. Nxh6+ Ke7 27. Qxg5 Kd8 28. Bc2 Kc7 29. Qd2 Re6 30. Nf5 Nb8 31. h3 Bb7 32. Qe2 Nh5 33. Qf2 Nc6 34. Ne3 Kb8 35. Nd5 Qa5 36. Qh4 Nf4 37. Rd2 Nd4 38. Nxd4 cxd4 39. g3 b3 40. Bxb3 Qxd2 41. gxf4 exf4 42. Qh7 Bxd5 43. cxd5 Ree8 44. d6 Qa5 45. a3 f3 46. Bd5 Qb6 47. Ka2 f2 48. Qd7 Qa7 49. Qc6 Rc8 50. Qa4 Qb6 51. d7 Rcd8 52. Rf1 d3 53. e5 Qc5 54. e6 Qxd5+ 55. Qb3+ Qxb3+ 56. Kxb3 d2 57. e7 d1Q+ 58. Rxd1 Kc7 59. exd8Q+ Rxd8 60. Rf1 Rxd7 61. Rxf2 Rd5 1-0

[Event "Hastings Masters op 91st"]
[Site "Hastings"]
[Date "2015.12.29"]
[Round "2"]
[White "Wilson, Matthew R"]
[Black "Dean, Michael J"]
[Result "1-0"]
[WhiteElo "1877"]
[BlackElo "1562"]
[PlyCount "49"]
[EventDate "2015.12.28"]
[EventType "swiss"]
[EventRounds "9"]
[EventCountry "ENG"]
[SourceTitle "CBM 170 Extra"]
[Source "ChessBase"]
[SourceDate "2016.02.25"]
[SourceVersion "1"]
[SourceVersionDate "2016.02.25"]
[SourceQuality "1"]

1. e4 e5 2. Nf3 Nc6 3. Bc4 Be7 4. c3 Nf6 5. d3 h6 6. Bb3 d6 7. Nbd2 0-0 8. Nf1 d5 9. Qe2 dxe4 10. dxe4 Bd6 11. h3 Na5 12. Bc2 Be6 13. b3 Qd7 14. g4 Nh7 15. Ng3 Nc6 16. Nh4 Be7 17. Nhf5 Bxf5 18. Nxf5 Bg5 19. h4 Bxc1 20. Rxc1 Ne7 21. g5 Nxf5 22. exf5 Qc6 23. Be4 Qb6 24. Rg1 hxg5 25. hxg5 1-0

[Event "Hastings Masters op 91st"]
[Site "Hastings"]
[Date "2015.12.28"]
[Round "1"]
[White "Dean, Michael J"]
[Black "Rice, Christopher"]
[Result "0-1"]
[WhiteElo "1562"]
[BlackElo "1956"]
[PlyCount "66"]
[EventDate "2015.12.28"]
[EventType "swiss"]
[EventRounds "9"]
[EventCountry "ENG"]
[SourceTitle "CBM 170 Extra"]
[Source "ChessBase"]
[SourceDate "2016.02.25"]
[SourceVersion "1"]
[SourceVersionDate "2016.02.25"]
[SourceQuality "1"]

1. Nf3 d5 2. g3 c5 3. Bg2 Nc6 4. 0-0 e6 5. c3 Nf6 6. d4 Be7 7. Bg5 Qb6 8. Qc2 0-0 9. Nbd2 Bd7 10. Ne5 cxd4 11. Bxf6 Nxe5 12. Bxe7 Rfc8 13. Ba3 Qa6 14. Qb3 dxc3 15. bxc3 Qxe2 16. Qd1 Qa6 17. Bb2 Nd3 18. Qc2 Ba4 19. Qb1 Rc6 20. c4 dxc4 21. Bxc6 Qxc6 22. Bd4 Qd5 23. Be3 Bc6 24. f3 b5 25. Qd1 a5 26. Ne4 f5 27. Nc3 Qe5 28. Bd2 b4 29. Ne2 Rd8 30. Nc1 Qxa1 31. Qe2 Qe5 32. Qg2 c3 33. Nxd3 Rxd3 0-1

[Event "BCF-ch Seniors 65"]
[Site "Coventry"]
[Date "2015.07.30"]
[Round "4"]
[White "Dean, Michael J"]
[Black "McDonald, Ian1"]
[Result "1/2-1/2"]
[WhiteElo "1557"]
[BlackElo "1907"]
[PlyCount "65"]
[EventDate "2015.07.27"]
[EventType "swiss"]
[EventRounds "6"]
[EventCountry "ENG"]
[SourceTitle "CBM 167 Extra"]
[Source "ChessBase"]
[SourceDate "2015.09.14"]
[SourceVersion "1"]
[SourceVersionDate "2015.09.14"]
[SourceQuality "1"]

1. e4 e5 2. Nf3 Nc6 3. Bb5 a6 4. Ba4 Nf6 5. 0-0 b5 6. Bb3 Be7 7. Re1 0-0 8. c3 d5 9. exd5 Nxd5 10. d4 exd4 11. Nxd4 Nxd4 12. Bxd5 Qxd5 13. Rxe7 Bb7 14. f3 Ne6 15. Qxd5 Bxd5 16. Rd7 Rfd8 17. Rxd8+ Rxd8 18. Be3 f5 19. Na3 f4 20. Bf2 Bxa2 21. Nc2 Bb3 22. Nd4 Nxd4 23. Bxd4 c5 24. Bxc5 Rd1+ 25. Rxd1 Bxd1 26. b4 g5 27. Kf2 Kf7 28. Ke1 Bb3 29. g3 fxg3 30. hxg3 h5 31. Kf2 Ke6 32. Be3 Kf5 33. f4 1/2-1/2

[Event "BCF-chT3 1415 (4NCL)"]
[Site "England"]
[Date "2015.05.02"]
[Round "9.64"]
[White "Dean, Michael J"]
[Black "Balouka Myers, Raphael"]
[Result "1-0"]
[WhiteElo "1551"]
[BlackElo "1300"]
[PlyCount "133"]
[EventDate "2015.03.21"]
[EventType "team-swiss"]
[EventRounds "11"]
[EventCountry "ENG"]
[SourceTitle "EXT 2016"]
[Source "ChessBase"]
[SourceDate "2015.10.08"]
[SourceVersion "1"]
[SourceVersionDate "2015.10.08"]
[SourceQuality "1"]
[WhiteTeam "Sussex Martlets II"]
[BlackTeam "Barnet Knights III"]
[WhiteTeamCountry "ENG"]
[BlackTeamCountry "ENG"]

1. e4 e6 2. Nf3 d5 3. exd5 exd5 4. d4 Nf6 5. Bb5+ Nc6 6. 0-0 Be7 7. Ne5 Bd7 8. Nxd7 Qxd7 9. Nd2 0-0 10. Nf3 Rfe8 11. Bf4 Ne4 12. Ne5 Qe6 13. f3 Ng5 14. Qd2 f6 15. Nxc6 bxc6 16. Bd3 Qf7 17. Bxg5 fxg5 18. Qf2 Qf8 19. Qg3 Bd6 20. Qh3 h6 21. Rae1 c5 22. c3 cxd4 23. cxd4 Rxe1 24. Rxe1 Bb4 25. Rc1 Qe8 26. Kf2 Qe7 27. Qf5 Re8 28. Qxd5+ Kh8 29. Qe4 Qxe4 30. Bxe4 Rd8 31. Rxc7 Ba5 32. Rxa7 Bb6 33. Rb7 Bxd4+ 34. Ke2 Re8 35. a3 Rc8 36. Kd3 Bf6 37. Ra7 Bxb2 38. a4 Bf6 39. Ra8 Rxa8 40. Bxa8 Bd8 41. Bd5 Kh7 42. Kc4 Kh8 43. Kb5 Kh7 44. a5 Bxa5 45. Kxa5 Kg6 46. Kb5 Kf5 47. g3 g4 48. f4 g5 49. fxg5 hxg5 50. Kc4 Ke5 51. Bb7 Kf5 52. Kd4 Kf6 53. Bc8 Kg6 54. Bxg4 Kf6 55. Bd7 Kg6 56. g4 Kf6 57. h3 Kg6 58. Ke5 Kf7 59. Kf5 Ke7 60. Ba4 Kf7 61. Kxg5 Kg7 62. h4 Kh7 63. h5 Kg7 64. h6+ Kh7 65. Bc2+ Kg8 66. Kf6 Kh8 67. g5 1-0

[Event "BCF-chT3S 1314 (4NCL)"]
[Site "England"]
[Date "2014.02.16"]
[Round "6.208"]
[White "Dean, Michael J"]
[Black "Green, Michael"]
[Result "0-1"]
[WhiteElo "1597"]
[BlackElo "2017"]
[PlyCount "102"]
[EventDate "2013.11.16"]
[EventType "team-swiss"]
[EventRounds "6"]
[EventCountry "ENG"]
[SourceTitle "EXT 2015"]
[Source "ChessBase"]
[SourceDate "2014.11.20"]
[SourceVersion "1"]
[SourceVersionDate "2014.11.20"]
[SourceQuality "1"]
[WhiteTeam "Sussex Smart Survivors II"]
[BlackTeam "KJCA Knights"]
[WhiteTeamCountry "ENG"]
[BlackTeamCountry "ENG"]

1. e4 e6 2. Nf3 d5 3. exd5 exd5 4. d4 Bd6 5. Bd3 Nf6 6. 0-0 0-0 7. Bg5 Bg4 8. Nbd2 Re8 9. c3 Nbd7 10. Qc2 h6 11. Bh4 c6 12. h3 Bxf3 13. Nxf3 Qc7 14. Bxf6 Nxf6 15. Rae1 b6 16. Qb1 a5 17. Rxe8+ Rxe8 18. Re1 Kf8 19. Rxe8+ Kxe8 20. Qe1+ Qe7 21. Qxe7+ Kxe7 22. a4 Ke6 23. Kf1 Ne4 24. g4 Bf4 25. b3 Nxc3 26. h4 Ne4 27. Bc2 f5 28. gxf5+ Kxf5 29. Kg2 g5 30. hxg5 hxg5 31. Ne1 Ke6 32. Nd3 Nd6 33. Nxf4+ gxf4 34. Kf3 Nf5 35. Kxf4 Nxd4 36. Bd1 c5 37. Ke3 Ke5 38. f3 Kf5 39. f4 Ke6 40. Bg4+ Kf6 41. Bd1 Kf5 42. Kd3 Kxf4 43. Kc3 Ke3 44. Bh5 Ne2+ 45. Kc2 d4 46. Bg6 Nf4 47. Bh7 Ke2 48. Be4 d3+ 49. Kc3 d2 50. Bc2 Nd5+ 51. Kc4 Ne3+ 0-1

[Event "Hastings Masters op 89th"]
[Site "Hastings"]
[Date "2014.01.03"]
[Round "7"]
[White "Mitchell, Robert2"]
[Black "Dean, Michael J"]
[Result "1-0"]
[WhiteElo "1674"]
[BlackElo "1597"]
[PlyCount "77"]
[EventDate "2013.12.28"]
[EventType "swiss"]
[EventRounds "9"]
[EventCountry "ENG"]
[SourceTitle "CBM 158 Extra"]
[Source "ChessBase"]
[SourceDate "2014.02.28"]
[SourceVersion "1"]
[SourceVersionDate "2014.02.28"]
[SourceQuality "1"]

1. d4 Nf6 2. c4 c5 3. Nf3 cxd4 4. Nxd4 g6 5. g3 Bg7 6. Bg2 0-0 7. 0-0 Nc6 8. e3 Nxd4 9. exd4 Rb8 10. Nc3 b6 11. Bf4 d6 12. Qa4 Bb7 13. d5 Bc8 14. Rac1 a6 15. b4 b5 16. cxb5 axb5 17. Qb3 Bd7 18. Ne2 Nh5 19. Be3 f5 20. Bd4 Nf6 21. Ba1 Bh6 22. Rc2 Rc8 23. Nd4 Rxc2 24. Qxc2 Qc8 25. Nc6 Bxc6 26. dxc6 Qc7 27. Qb3+ Kh8 28. a4 e5 29. axb5 Qb6 30. Qc4 Ne8 31. Rd1 Rf6 32. Bf1 Nc7 33. Rxd6 Rxd6 34. Bxe5+ Bg7 35. Bxd6 Ne8 36. Bc5 Qc7 37. Qe6 Nf6 38. b6 Qd8 39. c7 1-0

[Event "Gatwick e2e4 op U1950"]
[Site "Crawley"]
[Date "2013.11.03"]
[Round "4"]
[White "Nwachukwu, Chino"]
[Black "Dean, Michael J"]
[Result "1-0"]
[WhiteElo "1946"]
[BlackElo "1592"]
[PlyCount "63"]
[EventDate "2013.11.01"]
[EventType "swiss"]
[EventRounds "5"]
[EventCountry "ENG"]
[SourceTitle "EXT 2015"]
[Source "ChessBase"]
[SourceDate "2014.11.20"]
[SourceVersion "1"]
[SourceVersionDate "2014.11.20"]
[SourceQuality "1"]

1. e4 e5 2. Nf3 Nc6 3. Bb5 a6 4. Ba4 Nf6 5. 0-0 Be7 6. Re1 b5 7. Bb3 0-0 8. c3 d5 9. exd5 Nxd5 10. Nxe5 Nxe5 11. Rxe5 c6 12. d4 Bd6 13. Re1 Qh4 14. g3 Qh3 15. Re4 Nf6 16. Rh4 Qd7 17. Bg5 Be7 18. Nd2 Bb7 19. Nf3 c5 20. Ne5 Qf5 21. Bxf6 Bxf6 22. Bc2 Qxc2 23. Qxc2 Bxh4 24. gxh4 cxd4 25. cxd4 Rac8 26. Qd2 Rc7 27. Rc1 Rxc1+ 28. Qxc1 Rc8 29. Qd1 Bd5 30. Ng4 Bxa2 31. h3 Bd5 32. Nf6+ 1-0

[Event "Gatwick e2e4 op U1950"]
[Site "Crawley"]
[Date "2013.11.02"]
[Round "2"]
[White "Wilson, Matthew R"]
[Black "Dean, Michael J"]
[Result "1/2-1/2"]
[WhiteElo "1797"]
[BlackElo "1592"]
[PlyCount "53"]
[EventDate "2013.11.01"]
[EventType "swiss"]
[EventRounds "5"]
[EventCountry "ENG"]
[SourceTitle "EXT 2015"]
[Source "ChessBase"]
[SourceDate "2014.11.20"]
[SourceVersion "1"]
[SourceVersionDate "2014.11.20"]
[SourceQuality "1"]

1. Nf3 d5 2. g3 Nf6 3. Bg2 g6 4. c4 Bg7 5. d4 0-0 6. 0-0 c6 7. b3 dxc4 8. bxc4 Nbd7 9. Qb3 Qb6 10. Nc3 Qxb3 11. axb3 Re8 12. e4 e5 13. dxe5 Ng4 14. Ba3 Ndxe5 15. Nxe5 Nxe5 16. Rac1 Be6 17. Ne2 Rad8 18. Rcd1 Nd3 19. Nf4 Nxf4 20. gxf4 Bd4 21. Bc1 Rd7 22. Be3 Red8 23. Bf3 Bxe3 24. fxe3 Rxd1 25. Rxd1 Rxd1+ 26. Bxd1 h6 27. Bc2 1/2-1/2

[Event "ENG-ch Seniors"]
[Site "Gatwick"]
[Date "2011.10.30"]
[Round "5"]
[White "Gibson, John"]
[Black "Dean, Michael J"]
[Result "1-0"]
[WhiteElo "1865"]
[BlackElo "1629"]
[PlyCount "88"]
[EventDate "2011.10.26"]
[EventType "swiss"]
[EventRounds "5"]
[EventCountry "ENG"]
[SourceTitle "EXT 2019"]
[Source "ChessBase"]
[SourceDate "2018.10.10"]
[SourceVersion "1"]
[SourceVersionDate "2018.10.10"]
[SourceQuality "1"]

1. f4 Nf6 2. Nf3 g6 3. g3 Bg7 4. Bg2 0-0 5. 0-0 c6 6. c3 Qa5 7. d4 Qh5 8. Qc2 d6 9. e4 Bh3 10. Nh4 Bxg2 11. Qxg2 Nbd7 12. Nd2 e5 13. Nc4 Nxe4 14. dxe5 d5 15. Nd2 f5 16. Nb3 Kh8 17. Be3 Bh6 18. Bd4 c5 19. Be3 b6 20. Rfe1 Rfe8 21. Rad1 Nf8 22. Nf3 Ne6 23. h3 g5 24. fxg5 N4xg5 25. Nxg5 Bxg5 26. Rxd5 Bxe3+ 27. Rxe3 Rg8 28. Rf3 Rg6 29. Kh2 Rag8 30. Nd2 f4 31. Ne4 fxg3+ 32. Kg1 Ng5 33. Nxg5 Rxg5 34. Rdd3 Qg6 35. Rd6 Qb1+ 36. Rf1 Qxa2 37. e6 Re5 38. Rf6 Re1+ 39. Rf1 Rxf1+ 40. Qxf1 Re8 41. Qf6+ Kg8 42. Qf7+ Kh8 43. Qxe8+ Kg7 44. Qf7+ Kh6 1-0

[Event "ENG-ch Seniors"]
[Site "Gatwick"]
[Date "2011.10.27"]
[Round "2"]
[White "Dean, Michael J"]
[Black "Price, Andrew"]
[Result "0-1"]
[WhiteElo "1629"]
[BlackElo "1952"]
[PlyCount "64"]
[EventDate "2011.10.26"]
[EventType "swiss"]
[EventRounds "5"]
[EventCountry "ENG"]
[SourceTitle "EXT 2019"]
[Source "ChessBase"]
[SourceDate "2018.10.10"]
[SourceVersion "1"]
[SourceVersionDate "2018.10.10"]
[SourceQuality "1"]

1. e4 e6 2. Nf3 d5 3. Nc3 Nf6 4. e5 Nfd7 5. d4 Be7 6. Bd3 c5 7. Be3 cxd4 8. Bxd4 Nc6 9. Bb5 0-0 10. 0-0 a6 11. Bd3 Nxd4 12. Nxd4 Nxe5 13. Bxh7+ Kxh7 14. Qh5+ Kg8 15. Qxe5 Bf6 16. Qe3 e5 17. Qf3 exd4 18. Nxd5 Be5 19. Rfe1 Re8 20. c3 d3 21. Qxd3 Bd7 22. f4 Bc6 23. Rad1 Qxd5 24. Qxd5 Bxd5 25. Rxd5 Bxf4 26. Red1 Bc7 27. Rf5 Rad8 28. Rdf1 Re7 29. g4 Rd2 30. Kh1 Rxh2+ 31. Kg1 Ree2 32. R5f2 Rhxf2 0-1

[Event "BCF-chT3 1011 (4NCL)"]
[Site "England"]
[Date "2011.05.02"]
[Round "11.45"]
[White "Dean, Michael J"]
[Black "Rajesh, Gorak"]
[Result "1-0"]
[WhiteElo "1641"]
[BlackElo "1392"]
[PlyCount "137"]
[EventDate "2010.11.06"]
[EventType "team-swiss"]
[EventRounds "9"]
[EventCountry "ENG"]
[SourceTitle "EXT 2012"]
[Source "ChessBase"]
[SourceDate "2011.11.24"]
[SourceVersion "1"]
[SourceVersionDate "2011.11.24"]
[SourceQuality "1"]
[WhiteTeam "e2e4.org.uk IV"]
[BlackTeam "SC Stars"]
[WhiteTeamCountry "ENG"]
[BlackTeamCountry "ENG"]

1. e4 c5 2. Nc3 Nc6 3. f4 e6 4. Nf3 d5 5. Bb5 d4 6. Ne2 Nge7 7. d3 a6 8. Bxc6+ Nxc6 9. 0-0 b5 10. Ng3 f5 11. exf5 exf5 12. Re1+ Be7 13. Ng5 0-0 14. Qe2 Bxg5 15. fxg5 f4 16. Ne4 Qd5 17. Bd2 f3 18. gxf3 Ne5 19. f4 Bg4 20. Qg2 Nf3+ 21. Kh1 Qf5 22. Rf1 Nh4 23. Qg3 Ng6 24. Rae1 Rae8 25. Nd6 Qd5+ 26. Ne4 Bf5 27. Re2 Bxe4+ 28. dxe4 Qxa2 29. Qf2 Qxb2 30. f5 Ne5 31. Bf4 Ng4 32. Qg2 Ne3 33. Bxe3 dxe3 34. Rxe3 Qd4 35. Rfe1 Qe5 36. f6 g6 37. Rf1 Rf7 38. Rff3 Rd8 39. Rd3 Rd4 40. Rxd4 cxd4 41. Qg4 a5 42. Qc8+ Rf8 43. Qc6 Qxg5 44. Qe6+ Kh8 45. Qe7 Rg8 46. Qd7 Qc5 47. f7 Rf8 48. Qe6 Qg5 49. Qd6 Kg7 50. Qxd4+ Kh6 51. Rh3+ Qh5 52. Rxh5+ Kxh5 53. Qe5+ g5 54. Qg7 Rd8 55. Qxh7+ Kg4 56. Qf5+ Kh5 57. f8Q Rxf8 58. Qxf8 a4 59. Qb4 a3 60. Qxa3 g4 61. Qc5+ Kg6 62. Qf5+ Kh6 63. Qxg4 b4 64. e5 b3 65. cxb3 Kh7 66. e6 Kh8 67. e7 Kh7 68. e8Q Kh6 69. Qh8# 1-0

[Event "BCF-chT3 1011 (4NCL)"]
[Site "England"]
[Date "2010.11.07"]
[Round "2.39"]
[White "Dean, Michael J"]
[Black "Huser, Hector"]
[Result "1/2-1/2"]
[WhiteElo "1634"]
[BlackElo "1618"]
[PlyCount "111"]
[EventDate "2010.11.06"]
[EventType "team-swiss"]
[EventRounds "9"]
[EventCountry "ENG"]
[SourceTitle "CBM 139 Extra"]
[Source "ChessBase"]
[SourceDate "2011.01.05"]
[SourceVersion "1"]
[SourceVersionDate "2011.01.05"]
[SourceQuality "1"]
[WhiteTeam "e2e4.org.uk IV"]
[BlackTeam "KJCA Knights"]
[WhiteTeamCountry "ENG"]
[BlackTeamCountry "ENG"]

1. e4 e5 2. Nf3 Nc6 3. Bb5 Nf6 4. d3 d6 5. h3 Be7 6. 0-0 0-0 7. Bxc6 bxc6 8. Nh2 Be6 9. f4 exf4 10. Bxf4 d5 11. e5 Nd7 12. d4 c5 13. c3 cxd4 14. cxd4 c5 15. Be3 Qb6 16. b3 cxd4 17. Bxd4 Bc5 18. Nf3 Nxe5 19. Bxc5 Qxc5+ 20. Kh1 Nxf3 21. Qxf3 Rac8 22. Nd2 Qc3 23. Qf2 Qc5 24. Qf4 Qc7 25. Qh4 Qd8 26. Qh5 h6 27. Nf3 Qe7 28. g4 Rc5 29. Rae1 d4 30. Re5 Rxe5 31. Qxe5 Rd8 32. Nxd4 Rd5 33. Qb8+ Rd8 34. Qf4 Bd5+ 35. Kg1 Qc5 36. Qf2 Be6 37. Nxe6 Qxf2+ 38. Rxf2 fxe6 39. Kg2 Rd1 40. Kf3 Rd5 41. Rc2 Kh7 42. b4 Rd3+ 43. Kg2 Kg6 44. a4 Rb3 45. b5 Ra3 46. Rc6 Ra2+ 47. Kg3 Ra3+ 48. Kg2 Rxa4 49. Rxe6+ Kf7 50. Rc6 Rb4 51. Rc7+ Kf6 52. Rxa7 Rxb5 53. Ra1 Rb2+ 54. Kg3 Rb3+ 55. Kg2 Re3 56. Rf1+ 1/2-1/2

[Event "Uxbridge op Major"]
[Site "Uxbridge"]
[Date "2010.03.20"]
[Round "2"]
[White "Jones, Steven"]
[Black "Dean, Michael J"]
[Result "0-1"]
[WhiteElo "1830"]
[BlackElo "1691"]
[PlyCount "94"]
[EventDate "2010.03.19"]
[EventType "swiss"]
[EventRounds "5"]
[EventCountry "ENG"]
[SourceTitle "EXT 2012"]
[Source "ChessBase"]
[SourceDate "2011.11.24"]
[SourceVersion "1"]
[SourceVersionDate "2011.11.24"]
[SourceQuality "1"]

1. d4 Nf6 2. Nf3 g6 3. e3 Bg7 4. c4 0-0 5. Nc3 d6 6. Bd3 e5 7. dxe5 dxe5 8. Nxe5 Nh5 9. Nf3 f5 10. Qc2 Nc6 11. a3 Ne5 12. Nxe5 Bxe5 13. Be2 Qh4 14. Bd2 Bd7 15. 0-0-0 Bc6 16. Nd5 Bxd5 17. cxd5 Nf6 18. f4 Bd6 19. g3 Qh6 20. Bf3 Qg7 21. Bc3 Qe7 22. Rhe1 Rad8 23. h3 Ne4 24. Bxe4 Qxe4 25. Qf2 Qc4 26. Kb1 Bxa3 27. g4 Qe4+ 28. Ka1 Bc5 29. Bd4 Bb4 30. Rg1 Qxd5 31. Qh4 Rd6 32. Rd3 Ra6+ 33. Kb1 Qa2+ 34. Kc2 Rc6+ 35. Bc3 Bxc3 36. Rxc3 Qa4+ 37. Kd2 Rd6+ 38. Ke2 Qb5+ 39. Kf3 Rfd8 40. gxf5 Qxf5 41. Rg5 Qb1 42. Rg2 Qd1+ 43. Kg3 Qe1+ 44. Rf2 Qg1+ 45. Kf3 Qh1+ 46. Rg2 Rd2 47. Qg3 Qd1+ 0-1